[Event "HUN-ch"]
[Site "Budapest"]
[Date "2023.12.18"]
[Round "7"]
[White "Havanecz, Bianka"]
[Black "Csiki, Endre"]
[Result "0-1"]
[WhiteElo "2196"]
[BlackElo "2341"]
[PlyCount "130"]
[EventDate "2023.12.12"]
[EventType "swiss"]
[EventRounds "9"]
[EventCountry "HUN"]
[SourceTitle "CB52_2023"]
[SourceDate "2023.12.27"]
[SourceVersion "1"]
[SourceVersionDate "2023.12.27"]
[SourceQuality "1"]

1. d4 d5 2. c4 e6 3. Nf3 Nf6 4. g3 Bb4+ 5. Bd2 Be7 6. Bg2 0-0 7. 0-0 Nbd7 8. Qc2 c6 9. Bf4 b6 10. b3 Ba6 11. Rd1 Rc8 12. Nbd2 c5 13. dxc5 Bxc5 14. Qb2 Qe7 15. e3 Ba3 16. Qd4 Rfd8 17. cxd5 Nxd5 18. Nc4 Bc5 19. Qb2 N7f6 20. a4 Ne4 21. Be5 Nxf2 22. Kxf2 Bxc4 23. bxc4 Nxe3 24. Rxd8+ Rxd8 25. Ke1 Nxc4 26. Qe2 Ne3 27. Rc1 f6 28. Bf4 Nxg2+ 29. Qxg2 e5 30. Bd2 e4 31. Nh4 Qd7 32. Qe2 e3 33. Bc3 Qxa4 34. Rd1 Rxd1+ 35. Qxd1 Qe4 36. Qd8+ Bf8 37. Qc8 b5 38. Ke2 b4 39. Bb2 a5 40. Bc1 a4 41. Nf5 a3 42. Nxe3 a2 43. Bb2 Qb1 44. Qc4+ Kh8 45. Qd4 h6 46. Ng4 Qc2+ 47. Kf3 Qc6+ 48. Ke2 Qc2+ 49. Kf3 b3 50. Ne3 Qxh2 51. Qc3 Qh5+ 52. g4 Qh1+ 53. Ke2 Qb1 54. Nc4 Qe4+ 55. Ne3 Bd6 56. Qxb3 Bf4 57. Qc3 Bxe3 58. Qxe3 Qxe3+ 59. Kxe3 Kh7 60. Kf4 Kg6 61. Bc3 h5 62. gxh5+ Kxh5 63. Kf5 Kh4 64. Bd4 Kh3 65. Kg6 Kg4 0-1

[Event "HUN-ch"]
[Site "Budapest"]
[Date "2023.12.17"]
[Round "6"]
[White "Karacsonyi, Kata"]
[Black "Havanecz, Bianka"]
[Result "0-1"]
[WhiteElo "2134"]
[BlackElo "2196"]
[PlyCount "96"]
[EventDate "2023.12.12"]
[EventType "swiss"]
[EventRounds "9"]
[EventCountry "HUN"]
[SourceTitle "CB52_2023"]
[SourceDate "2023.12.27"]
[SourceVersion "1"]
[SourceVersionDate "2023.12.27"]
[SourceQuality "1"]

1. e4 e5 2. Nf3 Nc6 3. Bb5 a6 4. Ba4 Nf6 5. 0-0 Be7 6. d3 d6 7. c3 0-0 8. Re1 Bg4 9. Nbd2 b5 10. Bc2 Re8 11. Nf1 h6 12. Ng3 Bf8 13. h3 Bc8 14. d4 Bb7 15. a4 exd4 16. Nxd4 Nxd4 17. cxd4 c5 18. d5 g6 19. h4 Bg7 20. h5 Nd7 21. hxg6 fxg6 22. axb5 axb5 23. Rxa8 Bxa8 24. Bf4 Qf6 25. Qg4 Nf8 26. Re2 Bb7 27. Qf3 Ra8 28. Nf1 Ra1 29. Qg3 Qxb2 30. Bd3 Qc3 31. Bxd6 c4 32. Bc2 Qxg3 33. Bxg3 b4 34. d6 b3 35. e5 bxc2 36. Rxc2 Be4 37. Rxc4 Rxf1+ 38. Kh2 Bf5 39. Rc7 Rd1 40. Re7 Rd5 41. f4 g5 42. Re8 Kh7 43. Kg1 gxf4 44. Bxf4 Ne6 45. g3 Bxe5 46. Re7+ Kg6 47. Bxe5 Rxe5 48. d7 Rd5 0-1

[Event "HUN-chT 2324"]
[Site "Hungary"]
[Date "2023.10.28"]
[Round "1.9"]
[White "Pasti, Aron"]
[Black "Havanecz, Bianka"]
[Result "1-0"]
[WhiteElo "2394"]
[BlackElo "2196"]
[PlyCount "123"]
[EventDate "2023.10.28"]
[EventType "team-tourn"]
[EventRounds "9"]
[EventCountry "HUN"]
[SourceTitle "Mega2024 Update 01"]
[Source "Chessbase"]
[SourceDate "2023.11.12"]
[SourceVersion "1"]
[SourceVersionDate "2023.11.12"]
[SourceQuality "1"]
[WhiteTeam "Ajka Sentimento"]
[BlackTeam "Kobanya Aquarena"]
[WhiteTeamCountry "HUN"]
[BlackTeamCountry "HUN"]

1. e4 c6 2. d4 d5 3. Nc3 dxe4 4. Nxe4 Nf6 5. Nxf6+ exf6 6. c3 Bd6 7. Bd3 0-0 8. Ne2 Re8 9. 0-0 Nd7 10. Ng3 g6 11. Bh6 Bf8 12. Qd2 Bg7 13. h4 Nf8 14. h5 Bxh6 15. Qxh6 f5 16. Rfe1 Bd7 17. Bc4 Be6 18. Bxe6 Rxe6 19. hxg6 hxg6 20. Rxe6 Nxe6 21. Re1 Qf8 22. Qh4 Re8 23. Re5 Ng7 24. Qf6 Re6 25. Rxe6 Nxe6 26. Qe5 Qd8 27. Nf1 Qc7 28. Qxc7 Nxc7 29. Ne3 b5 30. Kf1 Kf8 31. Ke2 Ke7 32. Kd3 Kd6 33. c4 a6 34. Kc3 a5 35. b3 Ne6 36. c5+ Kd7 37. a4 Nf4 38. axb5 cxb5 39. d5 f6 40. b4 a4 41. Kc2 a3 42. Kb3 Nd3 43. Nc2 a2 44. Kxa2 Nxf2 45. Nd4 Nd3 46. Kb3 Nf4 47. c6+ Ke7 48. c7 Kd7 49. d6 Nd5 50. Nxb5 Nb6 51. Na7 f4 52. Kc2 g5 53. Kd1 g4 54. Ke1 f3 55. g3 Kxd6 56. c8Q Nxc8 57. Nxc8+ Kc6 58. Ne7+ Kb5 59. Nd5 f5 60. Kf2 Kc4 61. Ne3+ Kxb4 62. Nxf5 1-0

[Event "Titled Tuesday intern op 18th Apr Early"]
[Site "Chess.com INT"]
[Date "2023.04.18"]
[Round "1"]
[White "Havanecz, Bianka"]
[Black "Harshad, S."]
[Result "1/2-1/2"]
[WhiteElo "2179"]
[BlackElo "2255"]
[PlyCount "171"]
[EventDate "2023.04.18"]
[EventType "swiss (blitz)"]
[EventRounds "11"]
[EventCountry "USA"]
[SourceTitle "EXT 2024"]
[Source "ChessBase"]
[SourceDate "2023.10.10"]
[SourceVersion "1"]
[SourceVersionDate "2023.10.10"]
[SourceQuality "1"]

1. d4 Nf6 2. c4 e6 3. Nc3 Bb4 4. Qc2 0-0 5. Nf3 d5 6. cxd5 exd5 7. Bf4 c5 8. dxc5 Nc6 9. e3 Qa5 10. Bd3 Bxc5 11. 0-0 Nb4 12. Qb1 Nxd3 13. Qxd3 Be6 14. a3 Be7 15. Nd4 Rac8 16. Nxe6 fxe6 17. b4 Qd8 18. Nb5 a6 19. Nd4 Qd7 20. Rac1 Bd6 21. Bxd6 Qxd6 22. h3 e5 23. Nb3 Ne4 24. f3 Nf6 25. Rfd1 Qe7 26. Nc5 Kh8 27. Nb3 e4 28. fxe4 dxe4 29. Qd4 Rcd8 30. Qc5 Qf7 31. Rxd8 Rxd8 32. Nd4 h6 33. Qc7 Rd7 34. Qb8+ Kh7 35. Qf4 Qa2 36. Qf5+ Kg8 37. Rc8+ Kf7 38. Kh2 Qd5 39. Qxd5+ Nxd5 40. Rc5 Nxe3 41. Ne2 Nd5 42. Rc4 Nf6 43. Kg3 g5 44. Kf2 Rd3 45. Rc7+ Kg6 46. Rxb7 Rxa3 47. Rb6 Kf5 48. Ng3+ Ke5 49. b5 Nd5 50. Rb8 axb5 51. Rxb5 Ra2+ 52. Kg1 Ra3 53. Nf1 Rd3 54. Rb8 e3 55. Re8+ Kd4 56. Re6 Nf4 57. Rd6+ Kc3 58. Rc6+ Kb2 59. Nxe3 Rxe3 60. Rxh6 Rg3 61. h4 Rxg2+ 62. Kf1 Rg4 63. hxg5 Rxg5 64. Rf6 Nd3 65. Rb6+ Kc3 66. Ke2 Re5+ 67. Kf3 Rf5+ 68. Kg4 Rf4+ 69. Kg5 Kd2 70. Rd6 Rf1 71. Rd8 Ke3 72. Kg4 Rg1+ 73. Kf5 Nf2 74. Re8+ Kf3 75. Rf8 Ra1 76. Ke6+ Ke2 77. Kd5 Nd3 78. Kd4 Kd2 79. Kd5 Ra4 80. Rh8 Kc3 81. Rh3 Ra5+ 82. Kc6 Kc4 83. Rh4+ Kc3 84. Rh3 Kd4 85. Rh4+ Kc3 86. Rh3 1/2-1/2

[Event "Titled Tuesday intern op 18th Apr Early"]
[Site "Chess.com INT"]
[Date "2023.04.18"]
[Round "3"]
[White "Havanecz, Bianka"]
[Black "Martin Duque, Jesus"]
[Result "0-1"]
[WhiteElo "2179"]
[BlackElo "2386"]
[PlyCount "62"]
[EventDate "2023.04.18"]
[EventType "swiss (blitz)"]
[EventRounds "11"]
[EventCountry "USA"]
[SourceTitle "EXT 2024"]
[Source "ChessBase"]
[SourceDate "2023.10.10"]
[SourceVersion "1"]
[SourceVersionDate "2023.10.10"]
[SourceQuality "1"]

1. d4 g6 2. c4 b6 3. Nc3 Bb7 4. e4 Bg7 5. Nf3 d6 6. Bd3 a6 7. 0-0 h6 8. Re1 Nd7 9. Bc2 e6 10. Bf4 Ne7 11. Bg3 g5 12. Qd2 Ng6 13. d5 g4 14. dxe6 fxe6 15. Nd4 Nde5 16. Nxe6 Qe7 17. Nxg7+ Qxg7 18. b3 h5 19. Nd5 h4 20. Bxe5 Nxe5 21. Rad1 Nf3+ 22. Kh1 Nxd2 23. Rxd2 0-0-0 24. b4 Rhe8 25. a4 Kb8 26. a5 b5 27. cxb5 axb5 28. Rc1 Qb2 29. Rdd1 Bxd5 30. exd5 Re2 31. Bd3 Rxf2 0-1

[Event "HUN-chT 2223"]
[Site "Hungary"]
[Date "2023.02.19"]
[Round "6.11"]
[White "Havanecz, Bianka"]
[Black "Szalay Ocsak, Bank"]
[Result "1/2-1/2"]
[WhiteElo "2210"]
[BlackElo "2162"]
[PlyCount "64"]
[EventDate "2022.11.20"]
[EventType "team-tourn"]
[EventRounds "9"]
[EventCountry "HUN"]
[SourceTitle "CBM 213 Extra"]
[Source "ChessBase"]
[SourceDate "2023.05.31"]
[SourceVersion "1"]
[SourceVersionDate "2023.05.31"]
[SourceQuality "1"]
[WhiteTeam "Kobanya Aquarena"]
[BlackTeam "Budapest MTK"]
[WhiteTeamCountry "HUN"]
[BlackTeamCountry "HUN"]

1. d4 Nf6 2. c4 e6 3. Nc3 Bb4 4. Qc2 d5 5. cxd5 exd5 6. Bg5 h6 7. Bh4 g5 8. Bg3 Nc6 9. e3 h5 10. f3 Qe7 11. Qd2 h4 12. Bf2 g4 13. 0-0-0 h3 14. Nge2 hxg2 15. Bxg2 gxf3 16. Bxf3 Bf5 17. Ng3 Bh7 18. Rhf1 Na5 19. Be2 Nc4 20. Bxc4 dxc4 21. e4 Nxe4 22. Ngxe4 Bxe4 23. Rde1 Bxc3 24. Qxc3 Qg5+ 25. Qe3 Qxe3+ 26. Rxe3 f5 27. Bg3 Kd7 28. b3 b5 29. Kb2 cxb3 30. axb3 c6 31. Be5 Rhg8 32. Rf2 Rg4 1/2-1/2

[Event "HUN-chT 2223"]
[Site "Hungary"]
[Date "2023.02.12"]
[Round "5.11"]
[White "Papp, Petra"]
[Black "Havanecz, Bianka"]
[Result "1/2-1/2"]
[WhiteElo "2336"]
[BlackElo "2210"]
[PlyCount "62"]
[EventDate "2022.11.20"]
[EventType "team-tourn"]
[EventRounds "9"]
[EventCountry "HUN"]
[SourceTitle "CBM 213 Extra"]
[Source "ChessBase"]
[SourceDate "2023.05.31"]
[SourceVersion "1"]
[SourceVersionDate "2023.05.31"]
[SourceQuality "1"]
[WhiteTeam "Dunaharaszti"]
[BlackTeam "Kobanya Aquarena"]
[WhiteTeamCountry "HUN"]
[BlackTeamCountry "HUN"]

1. e4 c6 2. d4 d5 3. Nd2 dxe4 4. Nxe4 Nf6 5. Nxf6+ exf6 6. c3 Bd6 7. Bd3 0-0 8. Ne2 Re8 9. 0-0 Nd7 10. Ng3 Nf8 11. f4 c5 12. d5 g6 13. Qf3 f5 14. Be3 Qc7 15. Kh1 Rb8 16. a4 Bd7 17. b3 Be7 18. Qf2 b6 19. Rfe1 Bf6 20. Rac1 Qd6 21. c4 Bg7 22. Ne2 h5 23. Ng1 Nh7 24. Nf3 Nf6 25. Ne5 Ng4 26. Nxg4 hxg4 27. Bd2 Bd4 28. Qh4 Bf6 29. Qf2 Bd4 30. Qh4 Bf6 31. Qf2 Bd4 1/2-1/2

[Event "GRE-chT 49th"]
[Site "Thessaloniki"]
[Date "2022.08.17"]
[Round "7"]
[White "Havanecz, Bianka"]
[Black "Stefanidi, Maria Anna"]
[Result "1-0"]
[WhiteElo "2250"]
[BlackElo "1974"]
[PlyCount "109"]
[EventDate "2022.08.12"]
[EventType "team-swiss"]
[EventRounds "7"]
[EventCountry "GRE"]
[SourceTitle "EXT 2024"]
[Source "ChessBase"]
[SourceDate "2023.10.10"]
[SourceVersion "1"]
[SourceVersionDate "2023.10.10"]
[SourceQuality "1"]
[WhiteTeam "Asos Rodou Hippotis"]
[BlackTeam "Kallithea"]
[WhiteTeamCountry "GRE"]
[BlackTeamCountry "GRE"]

1. d4 d5 2. c4 c6 3. Nc3 Nf6 4. Nf3 e6 5. e3 Nbd7 6. b3 Qa5 7. Bd2 Qc7 8. Qc2 Be7 9. Bd3 0-0 10. 0-0 Re8 11. Rac1 dxc4 12. bxc4 e5 13. d5 Nc5 14. e4 Bg4 15. Ne1 Rac8 16. f3 Bd7 17. Kh1 Red8 18. Be2 Be8 19. Nd3 b5 20. Nxc5 Bxc5 21. cxb5 cxd5 22. Na4 Bd6 23. Qb3 Qb7 24. exd5 Qxd5 25. Ba5 Qxb3 26. axb3 Rxc1 27. Rxc1 Rb8 28. Rd1 Be7 29. Nc3 Kf8 30. Bc7 Rb7 31. Bxe5 Bb4 32. Bd6+ Bxd6 33. Rxd6 Ke7 34. Rd1 Bd7 35. Kg1 Be6 36. Bc4 Ne8 37. Ne4 Rb6 38. Ra1 Rb7 39. Nc5 Rc7 40. Nxe6 fxe6 41. Re1 Kd7 42. Bxe6+ Kd6 43. Bc4 Nf6 44. Kf2 Kc5 45. g4 g6 46. Re6 Nd7 47. Re7 Kd6 48. Rxh7 Rc5 49. Kg3 Ne5 50. Rxa7 Nxc4 51. bxc4 Rxc4 52. Ra6+ Ke7 53. Rxg6 Rb4 54. b6 Kf7 55. Rc6 1-0

[Event "GRE-chT 49th"]
[Site "Thessaloniki"]
[Date "2022.08.14"]
[Round "4"]
[White "Havanecz, Bianka"]
[Black "Krasteva, Beloslava"]
[Result "1-0"]
[WhiteElo "2250"]
[BlackElo "2269"]
[PlyCount "71"]
[EventDate "2022.08.12"]
[EventType "team-swiss"]
[EventRounds "7"]
[EventCountry "GRE"]
[SourceTitle "EXT 2024"]
[Source "ChessBase"]
[SourceDate "2023.10.10"]
[SourceVersion "1"]
[SourceVersionDate "2023.10.10"]
[SourceQuality "1"]
[WhiteTeam "Asos Rodou Hippotis"]
[BlackTeam "Eso Papafe Chronikon"]
[WhiteTeamCountry "GRE"]
[BlackTeamCountry "GRE"]

1. d4 Nf6 2. c4 e6 3. Nc3 Bb4 4. Qc2 d6 5. Nf3 Nbd7 6. Bg5 h6 7. Bh4 b6 8. e4 Bb7 9. Bd3 e5 10. dxe5 dxe5 11. 0-0 Bxc3 12. Qxc3 Qe7 13. Rfe1 0-0 14. Bc2 Rfe8 15. Nd2 Nf8 16. f3 Ng6 17. Bf2 c5 18. Nf1 Nd7 19. Ne3 Ndf8 20. Nd5 Qd6 21. Rad1 Qb8 22. b4 cxb4 23. Qxb4 Ne6 24. a4 Ba6 25. a5 Rc8 26. axb6 Rxc4 27. Qb1 Qf8 28. bxa7 Rc6 29. Nb4 Rxc2 30. Nxc2 Ngf4 31. Qb6 Qc8 32. Nb4 Bb7 33. Nd5 Bxd5 34. exd5 Ng5 35. Bg3 Qc2 36. Bxf4 1-0

[Event "Titled Tuesday intern op 26th Jul Late"]
[Site "Chess.com INT"]
[Date "2022.07.26"]
[Round "1"]
[White "Romanchuk, Viktor"]
[Black "Havanecz, Bianka"]
[Result "0-1"]
[WhiteElo "2266"]
[BlackElo "2250"]
[PlyCount "72"]
[EventDate "2022.07.26"]
[EventType "swiss (blitz)"]
[EventRounds "11"]
[EventCountry "USA"]
[SourceTitle "EXT 2023"]
[Source "ChessBase"]
[SourceDate "2022.10.05"]
[SourceVersion "1"]
[SourceVersionDate "2022.10.05"]
[SourceQuality "1"]

1. d4 d5 2. c4 c6 3. Nc3 Nf6 4. e3 e6 5. Nf3 Be7 6. Qc2 0-0 7. b3 Nbd7 8. Bb2 b6 9. Be2 Bb7 10. 0-0 Rc8 11. e4 dxe4 12. Nxe4 c5 13. Neg5 h6 14. Nh3 cxd4 15. Nxd4 Nc5 16. Rad1 Qc7 17. Rfe1 Be4 18. Qc3 a5 19. Nb5 Qb7 20. f3 Bf5 21. Nf4 Rfd8 22. Qe5 Ne8 23. Nh5 Nd7 24. Qg3 Ndf6 25. Nf4 Bc5+ 26. Kh1 Qe7 27. Nd3 Nh5 28. Qe5 f6 29. Qc3 Bxd3 30. Bxd3 Bb4 31. Qc2 Bxe1 32. Rxe1 Nf4 33. Bf1 e5 34. g3 Ne6 35. Bh3 N8c7 36. Nc3 b5 0-1

[Event "Titled Tuesday intern op 08th Mar Early"]
[Site "Chess.com INT"]
[Date "2022.03.08"]
[Round "10"]
[White "Havanecz, Bianka"]
[Black "Politov, Pavel Y"]
[Result "1-0"]
[WhiteElo "2250"]
[BlackElo "2190"]
[PlyCount "53"]
[EventDate "2022.03.08"]
[EventType "swiss (blitz)"]
[EventRounds "11"]
[EventCountry "USA"]
[SourceTitle "CBM 207 Extra"]
[Source "ChessBase"]
[SourceDate "2022.05.31"]
[SourceVersion "1"]
[SourceVersionDate "2022.05.31"]
[SourceQuality "1"]

1. d4 d5 2. Nf3 Nf6 3. c4 dxc4 4. Nc3 Nc6 5. e3 Na5 6. Ne5 e6 7. Nxc4 Nxc4 8. Bxc4 c5 9. 0-0 Be7 10. dxc5 Bxc5 11. Bb5+ Bd7 12. Qa4 Bxb5 13. Qxb5+ Nd7 14. Rd1 a6 15. Qxb7 Qc8 16. Rxd7 Rb8 17. Qxc8+ Rxc8 18. Rd1 Ke7 19. Na4 Rhd8 20. Bd2 Ba7 21. Bb4+ Kf6 22. Bc3+ Kg6 23. g3 f6 24. Kg2 Kf7 25. Ba5 Rxd1 26. Rxd1 Rc2 27. Rd7+ 1-0

[Event "Titled Tuesday intern op 08th Mar Early"]
[Site "Chess.com INT"]
[Date "2022.03.08"]
[Round "11"]
[White "Sovetbekova, Nurai"]
[Black "Havanecz, Bianka"]
[Result "1-0"]
[WhiteElo "1702"]
[BlackElo "2250"]
[PlyCount "89"]
[EventDate "2022.03.08"]
[EventType "swiss (blitz)"]
[EventRounds "11"]
[EventCountry "USA"]
[SourceTitle "CBM 207 Extra"]
[Source "ChessBase"]
[SourceDate "2022.05.31"]
[SourceVersion "1"]
[SourceVersionDate "2022.05.31"]
[SourceQuality "1"]

1. d4 d5 2. c4 e6 3. Nf3 Nf6 4. g3 Be7 5. Bg2 0-0 6. 0-0 dxc4 7. Ne5 Nc6 8. Nxc6 bxc6 9. Na3 Bxa3 10. bxa3 Rb8 11. Qa4 Qxd4 12. Be3 Qb2 13. Bxa7 Ra8 14. Bxc6 Bd7 15. Bxd7 Nxd7 16. Qxd7 Rxa7 17. Qc6 Qxe2 18. Rfe1 Qd3 19. Rac1 Rxa3 20. Rxc4 Rxa2 21. Qxc7 Qd2 22. Rf1 h6 23. Qb7 Ra5 24. Rc7 Rf5 25. Qb6 Ra8 26. Rfc1 Ra2 27. Rc8+ Kh7 28. Rf1 Qd5 29. Qb1 h5 30. Rc3 Rd2 31. Re3 g6 32. Qe1 Kg7 33. Qa1+ Kh7 34. Qc3 Qd4 35. Qc1 Rfxf2 36. Rxf2 Qxe3 37. Qxd2 Qe4 38. Rxf7+ Kg8 39. Rf2 Qb1+ 40. Kg2 Qe4+ 41. Rf3 e5 42. Qe3 Qc2+ 43. Rf2 Qc6+ 44. Qf3 Qe4 45. Qxe4 1-0

[Event "Titled Tuesday intern op 25th Jan"]
[Site "Chess.com INT"]
[Date "2022.01.25"]
[Round "9"]
[White "Havanecz, Bianka"]
[Black "Sargsyan, Anna M"]
[Result "1-0"]
[WhiteElo "2249"]
[BlackElo "2380"]
[PlyCount "131"]
[EventDate "2022.01.25"]
[EventType "swiss (blitz)"]
[EventRounds "11"]
[EventCountry "USA"]
[SourceTitle "CBM 206 Extra"]
[Source "ChessBase"]
[SourceDate "2022.03.31"]
[SourceVersion "1"]
[SourceVersionDate "2022.03.31"]
[SourceQuality "1"]

1. d4 d5 2. c4 c6 3. Nf3 Nf6 4. Nc3 dxc4 5. a4 Bf5 6. e3 e6 7. Bxc4 Bb4 8. 0-0 Nbd7 9. Qe2 0-0 10. e4 Bg6 11. Bd3 Re8 12. e5 Nd5 13. Nxd5 cxd5 14. Bg5 Be7 15. Be3 Rc8 16. Bxg6 hxg6 17. Rfc1 Qa5 18. Bd2 Qb6 19. Bc3 Qb3 20. Nd2 Qb6 21. a5 Qc6 22. h3 a6 23. Nf3 Qc4 24. Qe3 Qb5 25. Qf4 Rc6 26. h4 Rec8 27. Qg4 Qd3 28. h5 gxh5 29. Qxh5 Nf8 30. Rd1 Qg6 31. Qh3 Nh7 32. Re1 Ng5 33. Nxg5 Bxg5 34. Rad1 Bh6 35. Rd3 Kh7 36. Rg3 Qc2 37. Qh5 R8c7 38. Qf3 Qf5 39. Qxf5+ exf5 40. Rh3 Kg8 41. Kf1 Rd7 42. Ke2 b6 43. axb6 Rxb6 44. Kd3 Kf8 45. Ra1 Ke7 46. Ra5 Ke6 47. Rh1 Rc7 48. Rha1 Rcc6 49. f3 Bg5 50. g3 f4 51. gxf4 Bxf4 52. Rg1 g5 53. Rh1 Kf5 54. Rh7 Kg6 55. Rh8 f6 56. Rxd5 fxe5 57. dxe5 Kf7 58. Rd7+ Ke6 59. Ra7 Rb5 60. Rh6+ Kd5 61. Rd7+ Kc5 62. Bd4+ Kb4 63. Rxc6 a5 64. Bc3+ Kb3 65. Rcc7 Bxe5 66. Rb7 1-0

[Event "Titled Tuesday intern op 25th Jan"]
[Site "Chess.com INT"]
[Date "2022.01.25"]
[Round "6"]
[White "Havanecz, Bianka"]
[Black "Yurovskich, Oleksandr"]
[Result "1-0"]
[WhiteElo "2249"]
[BlackElo "2328"]
[PlyCount "141"]
[EventDate "2022.01.25"]
[EventType "swiss (blitz)"]
[EventRounds "11"]
[EventCountry "USA"]
[SourceTitle "CBM 206 Extra"]
[Source "ChessBase"]
[SourceDate "2022.03.31"]
[SourceVersion "1"]
[SourceVersionDate "2022.03.31"]
[SourceQuality "1"]

1. d4 d5 2. c4 dxc4 3. e3 Nf6 4. Bxc4 e6 5. Nf3 c5 6. 0-0 Nc6 7. Qe2 cxd4 8. Rd1 Be7 9. exd4 0-0 10. a3 Nd5 11. Nbd2 b6 12. Ne4 Bb7 13. Bg5 f6 14. Bh4 Qd7 15. Rac1 Rac8 16. Ba2 Rfd8 17. Nc3 Bf8 18. Re1 Re8 19. Nxd5 exd5 20. Qb5 Rxe1+ 21. Rxe1 Nb8 22. Qd3 Ba6 23. Qd2 Nc6 24. h3 Na5 25. Bb1 Nb7 26. Bg3 Bd6 27. Bxd6 Nxd6 28. Qf4 Bc4 29. Nd2 Re8 30. Rc1 Rc8 31. Qf3 Qf7 32. Nxc4 Rxc4 33. Re1 Rc8 34. Ba2 Nc4 35. a4 a5 36. Rc1 Kf8 37. b3 Nd6 38. Rxc8+ Nxc8 39. Bb1 g6 40. Bd3 Ne7 41. Bb5 Qe6 42. Qc3 Qd6 43. g3 Kf7 44. h4 h5 45. Kg2 Qe6 46. Qd3 Qe4+ 47. Qxe4 dxe4 48. Kf1 Ke6 49. Ke2 Kd5 50. Be8 Kxd4 51. Bf7 f5 52. Kd2 Ke5 53. Ke3 Kf6 54. Bc4 g5 55. hxg5+ Kxg5 56. Kd4 Ng6 57. Kd5 f4 58. Kc6 fxg3 59. fxg3 Kg4 60. Be2+ Kxg3 61. Bxh5 Ne5+ 62. Kxb6 Nf3 63. Bg6 e3 64. Bd3 Ne5 65. Be2 Kf2 66. Bb5 Ke1 67. Kxa5 Kd2 68. Bf1 Nc6+ 69. Kb6 Nd4 70. a5 Nxb3 71. a6 1-0

[Event "Titled Tuesday intern op 25th Jan"]
[Site "Chess.com INT"]
[Date "2022.01.25"]
[Round "2"]
[White "Kozin, Yuri"]
[Black "Havanecz, Bianka"]
[Result "0-1"]
[WhiteElo "2251"]
[BlackElo "2249"]
[PlyCount "220"]
[EventDate "2022.01.25"]
[EventType "swiss (blitz)"]
[EventRounds "11"]
[EventCountry "USA"]
[SourceTitle "CBM 206 Extra"]
[Source "ChessBase"]
[SourceDate "2022.03.31"]
[SourceVersion "1"]
[SourceVersionDate "2022.03.31"]
[SourceQuality "1"]

1. e4 c6 2. d4 d5 3. exd5 cxd5 4. c4 Nc6 5. cxd5 Qxd5 6. Nf3 e6 7. Nc3 Bb4 8. Bd3 Nf6 9. 0-0 Qh5 10. Be2 Qa5 11. Bd2 0-0 12. a3 Be7 13. b4 Qd8 14. Be3 a6 15. Rc1 Bd7 16. Qb3 Rc8 17. Rfd1 Qc7 18. Na4 Qb8 19. Nc5 Rfd8 20. Bg5 Be8 21. Bh4 h6 22. a4 Nd5 23. Bg3 Bd6 24. b5 axb5 25. axb5 Nce7 26. b6 Bc6 27. Ne5 Nf5 28. Nxc6 Rxc6 29. Bxd6 Rdxd6 30. Bf3 Rxb6 31. Qa4 Rb4 32. Qa1 Rd8 33. Rb1 Rxb1 34. Rxb1 b6 35. h3 Qc7 36. Na6 Qc4 37. Bxd5 Qxd5 38. Rxb6 Qxd4 39. Qxd4 Rxd4 40. Rb8+ Kh7 41. Rb7 Rd1+ 42. Kh2 Kg6 43. Nc7 Rd2 44. Kg1 Nd4 45. Ne8 Ne2+ 46. Kf1 Nf4 47. Rb1 Rd8 48. Nc7 Rd7 49. Na6 Rd6 50. Nc5 Rc6 51. Ne4 Rc4 52. Nd2 Rc2 53. Ne4 f5 54. Ng3 Nd3 55. f3 Rf2+ 56. Kg1 Rd2 57. Kf1 Kf6 58. Ne2 g5 59. Nc3 Rc2 60. Ne2 Nf4 61. Nxf4 gxf4 62. Rb8 Rc1+ 63. Kf2 Rc2+ 64. Kg1 Rc1+ 65. Kf2 Rc2+ 66. Kg1 Re2 67. Kf1 Ra2 68. Rh8 Kg7 69. Re8 Kf7 70. Rh8 Kg7 71. Re8 Ra6 72. Rc8 e5 73. Rc7+ Kg6 74. Rc8 e4 75. Kf2 e3+ 76. Kf1 Ra1+ 77. Ke2 Ra2+ 78. Kf1 Rf2+ 79. Kg1 Ra2 80. Re8 Ra1+ 81. Kh2 Kf6 82. g3 fxg3+ 83. Kxg3 Rg1+ 84. Kf4 Re1 85. Rh8 e2 86. Re8 h5 87. h4 Rh1 88. Rxe2 Rxh4+ 89. Kg3 Ra4 90. Rb2 Kg5 91. Rb8 h4+ 92. Kh3 Kf4 93. Rb3 Kg5 94. Rb8 Ra3 95. Rg8+ Kf4 96. Kxh4 Rxf3 97. Rg7 Rf1 98. Kh3 Kf3 99. Kh2 f4 100. Rg6 Kf2 101. Rg4 f3 102. Rg8 Re1 103. Rf8 Re7 104. Rh8 Rg7 105. Rh5 Kf1 106. Rf5 f2 107. Rf4 Rg5 108. Rh4 Ke2 109. Re4+ Kf3 110. Re8 Rh5# 0-1

[Event "Titled Tuesday intern op 18th Jan"]
[Site "Chess.com INT"]
[Date "2022.01.18"]
[Round "4"]
[White "Havanecz, Bianka"]
[Black "Babiy, Olga"]
[Result "1-0"]
[WhiteElo "2249"]
[BlackElo "2261"]
[PlyCount "97"]
[EventDate "2022.01.18"]
[EventType "swiss (blitz)"]
[EventRounds "11"]
[EventCountry "USA"]
[SourceTitle "CBM 206 Extra"]
[Source "ChessBase"]
[SourceDate "2022.03.31"]
[SourceVersion "1"]
[SourceVersionDate "2022.03.31"]
[SourceQuality "1"]

1. d4 Nf6 2. c4 c5 3. d5 g6 4. Nc3 Bg7 5. e4 d6 6. Bd3 0-0 7. Nge2 e6 8. 0-0 exd5 9. exd5 Nbd7 10. f4 Re8 11. h3 a6 12. a4 Nh5 13. Ra3 f5 14. a5 Qh4 15. Bd2 Ng3 16. Nxg3 Qxg3 17. Ne2 Qh4 18. Bc3 Bxc3 19. Rxc3 Nf6 20. Rb3 Ne4 21. Qc2 Rb8 22. Rb6 Qf6 23. Kh2 Bd7 24. Rf3 Re7 25. Re3 g5 26. Bxe4 fxe4 27. fxg5 Qe5+ 28. Rg3 Bf5 29. Qc3 Qxc3 30. bxc3 Rd8 31. Re3 Bg6 32. h4 Rf7 33. Kg3 h6 34. Nf4 Bf5 35. g6 Re7 36. h5 Kg7 37. Kh4 Kf6 38. g4 Bc8 39. Ne2 Ke5 40. Rb1 Rf8 41. Kg3 Rg7 42. Re1 Re7 43. Ng1 Kf6 44. Rxe4 Rxe4 45. Rxe4 Kg7 46. Nf3 Kg8 47. Rf4 Re8 48. Rf7 Re3 49. Rc7 1-0

[Event "Titled Tuesday intern op 18th Jan"]
[Site "Chess.com INT"]
[Date "2022.01.18"]
[Round "5"]
[White "Havanecz, Bianka"]
[Black "Hamley, Ryan"]
[Result "1/2-1/2"]
[WhiteElo "2249"]
[BlackElo "2077"]
[PlyCount "132"]
[EventDate "2022.01.18"]
[EventType "swiss (blitz)"]
[EventRounds "11"]
[EventCountry "USA"]
[SourceTitle "CBM 206 Extra"]
[Source "ChessBase"]
[SourceDate "2022.03.31"]
[SourceVersion "1"]
[SourceVersionDate "2022.03.31"]
[SourceQuality "1"]

1. d4 Nf6 2. c4 e6 3. Nc3 d5 4. Nf3 Bb4 5. Bg5 h6 6. Bh4 g5 7. Bg3 Ne4 8. Qb3 Bxc3+ 9. bxc3 h5 10. h3 Nxg3 11. fxg3 Nc6 12. cxd5 exd5 13. e3 g4 14. hxg4 Bxg4 15. Bb5 Qd6 16. 0-0-0 0-0-0 17. Bxc6 Qxc6 18. Ne5 Qe6 19. Rde1 f6 20. Ng6 Rhg8 21. Nf4 Qe4 22. Qc2 Rde8 23. Qxe4 Rxe4 24. Nxh5 Bxh5 25. Rxh5 Rxg3 26. Rxd5 Rxg2 27. Rf5 Rxa2 28. Rxf6 Ra1+ 29. Kd2 Rxe1 30. Kxe1 Rxe3+ 31. Kd2 Rh3 32. Kc2 b6 33. Kb3 a5 34. Kc4 Kb7 35. Rf1 c6 36. Rf7+ Ka6 37. Rc7 Rh6 38. Kb3 b5 39. Rc8 Kb6 40. Rb8+ Ka7 41. Rg8 Rh1 42. Rg6 Kb7 43. Rg5 Rb1+ 44. Kc2 Ra1 45. d5 cxd5 46. Rxd5 Kc6 47. Rh5 a4 48. Rh6+ Kc5 49. Rh5+ Kb6 50. Rh6+ Ka5 51. Rh8 Ra2+ 52. Kb1 Rg2 53. Ra8+ Kb6 54. Rb8+ Kc5 55. Rc8+ Kd5 56. Ka1 Ke4 57. Kb1 Kd3 58. Rc7 Rg4 59. Kb2 Rg2+ 60. Ka3 Kc2 61. Rc5 Rg3 62. Rxb5 Rxc3+ 63. Kxa4 Rc4+ 64. Rb4 Rc3 65. Kb5 Rb3 66. Rxb3 Kxb3 1/2-1/2